|
|
|
|
| LEADER |
00000nab a2200000 a 4500 |
| 001 |
vtls000720666 |
| 003 |
SK-MaSNL |
| 005 |
20260304120312.0 |
| 008 |
250429c2000 xo 0 slo |
| 015 |
|
|
|a SNBRB2000/05-12210
|
| 035 |
|
|
|a CLN000072833
|
| 035 |
|
|
|a urn:nbn:sk:snk-abjpz
|
| 035 |
|
|
|a (urnnbn)urn:nbn:sk:snk:ar-002zik
|
| 035 |
|
|
|a (uuid)91e2ab72-ef15-4c20-ac16-2afa7d0f0124
|
| 040 |
|
|
|a SNKBUCL
|b slo
|c SNKBUCL
|e AACR2
|
| 041 |
0 |
|
|a slo
|
| 044 |
|
|
|a xo
|c SK
|
| 080 |
|
|
|a 615.322
|2 1997
|
| 100 |
1 |
|
|a Čupka, P.
|4 aut
|9 785034
|
| 245 |
1 |
0 |
|a Čajovinové novinky z Malaciek
|c P. Čupka
|
| 650 |
0 |
7 |
|a bylinné čaje
|2 snkbucl
|9 69259
|
| 650 |
0 |
7 |
|a čajoviny
|2 snkbucl
|9 1296837
|
| 655 |
|
7 |
|a články z novín a časopisov
|2 snkbucl
|9 267496
|
| 773 |
0 |
|
|t Liečivé rastliny
|g Roč. 37, č. 1 (2000), s. 15-16
|x 0323-2646
|
| 850 |
|
|
|a Slovenská národná knižnica
|
| 852 |
|
|
|a Slovenská národná knižnica
|
| 954 |
|
|
|a odborná, vedecká literatúra pôvodná (slovenská)
|2 lita
|
| 958 |
|
|
|a article2022
|
| 958 |
|
|
|a OND
|
| 958 |
|
|
|a EUIPO
|
| 992 |
|
|
|a RBX
|
| 999 |
|
|
|c 2879366
|d 2881296
|